000 01239nam0a2200301 4500
001 RU\NLR\bibl\1282156
005 20250615141459.0
010 _a978-5-901141-97-7
_910000
021 _aRU
_b2008-64364
_93663
035 _a(NLR Aleph) 001267915
090 _a420519
_c420519
100 _a20081008d2008 |||y0rusy50 ca
101 0 _arus
102 _aRU
105 _ac |||||||||
200 1 _aЗащита материнства, отцовства и детства в вопросах и ответах
_f[материалы подгот. Р.В. Шияновым]
210 _aУльяновск
_cУльяновский Дом печати
_d2008
215 _a96 с., [1] л. цв. портр.
_d22
606 1 _aОхрана материнства и детства
_xПравовые вопросы
_yРоссийская Федерация
_92464167
_3RU\NLR\auth\661463985
606 1 _aОтцовство
_xПравовые вопросы
_yРоссийская Федерация
_92528412
_3RU\NLR\auth\661497791
686 _aХ624.425
702 1 _aШиянов
_bР. В.
_4220
801 0 _aRU
_bNLR
_c20081008
_gRCR
801 1 _aRU
_bNLR
_c20081008
942 _cBOOK
980 _aNB
980 _aNBR